Indians in Singapore, 1819-1945 : (Record no. 88975)

MARC details
000 -LEADER
fixed length control field 00685nam a22002057a 4500
005 - DATE AND TIME OF LATEST TRANSACTION
control field 20141013122702.0
010 ## - LCCN (DPL NO)
LC control number ENG-110949
020 ## - INTERNATIONAL STANDARD BOOK NUMBER
International Standard Book Number 9780198099291
Terms of availability 995.00
020 ## - INTERNATIONAL STANDARD BOOK NUMBER
International Standard Book Number 0198099290
Terms of availability 995.00
035 ## - SYSTEM CONTROL NUMBER
System control number EN-94481
037 ## - SOURCE OF ACQUISITION
Source of stock number/acquisition DBAD/PUB
082 ## - DEWEY DECIMAL CLASSIFICATION NUMBER
Classification number 959.57004914
100 ## - MAIN ENTRY--PERSONAL NAME
Personal name Rai, Rajesh
245 ## - TITLE STATEMENT
Title Indians in Singapore, 1819-1945 :
Statement of responsibility, etc by Rajesh Rai
Remainder of title diaspora in the colonial port city /
260 ## - PUBLICATION, DISTRIBUTION, ETC. (IMPRINT)
Place of publication, distribution, etc New Delhi
Name of publisher, distributor, etc Oxford University Press
Date of publication, distribution, etc 2014
270 ## - ADDRESS
Address YMCA Library Building, 1 Jai Singh
City New Delhi
Postal code 110020
300 ## - PHYSICAL DESCRIPTION
Extent xxix,325p.
Dimensions 22cm(Hb)
500 ## - GENERAL NOTE
General note Includes bibliographical references and index
942 ## - ADDED ENTRY ELEMENTS (KOHA)
Source of classification or shelving scheme Dewey Decimal Classification
Item type English Books
Call number suffix RAI
Classification part 959.57004914
Holdings
Withdrawn status Lost status Not for loan Collection code Home library Current library Date acquired Source of acquisition Cost, normal purchase price Full call number Barcode Copy number Cost, replacement price Koha item type
    Not For Loan Non-fiction D.B.Act.Division D.B.Act.Division 26/09/2014 DBAD/PUB 995.00 959.57004914 RAI EN-94481 1 995.00 English Books

© Delhi Public Library
Hit Counter
free hit counter